ARRUPE JESUIT UNIVERSITY

CORONAVIRUS -STOP THE SPREAD - CLEAN,DISINFECT,COVER

The fathers of the church / (Record no. 124718)

MARC details
000 -LEADER
fixed length control field 02382fam a2200337 a 4500
001 - CONTROL NUMBER
control field 2324502
003 - CONTROL NUMBER IDENTIFIER
control field ARRUPE
005 - DATE AND TIME OF LATEST TRANSACTION
control field 20160427121446.0
008 - FIXED-LENGTH DATA ELEMENTS--GENERAL INFORMATION
fixed length control field 981013s1998 mau b 001 0ceng
010 ## - LIBRARY OF CONGRESS CONTROL NUMBER
LC control number 98048103
020 ## - INTERNATIONAL STANDARD BOOK NUMBER
International Standard Book Number 1565630955 (cloth)
035 ## - SYSTEM CONTROL NUMBER
System control number (OCoLC)504595499
035 ## - SYSTEM CONTROL NUMBER
System control number (OCoLC)ocn504595499
035 ## - SYSTEM CONTROL NUMBER
System control number (NNC)2324502
040 ## - CATALOGING SOURCE
Original cataloging agency DLC
Transcribing agency DLC
Modifying agency DLC
-- NNC
-- OrLoB-B
041 1# - LANGUAGE CODE
Language code of text/sound track or separate title eng
Language code of original and/or intermediate translations of text ger
050 00 - LIBRARY OF CONGRESS CALL NUMBER
Classification number BR1706
Item number .C313 1998
300 ## - PHYSICAL DESCRIPTION
Dimensions 24 cm.
100 1# - MAIN ENTRY--PERSONAL NAME
Personal name Campenhausen, Hans von,
Dates associated with a name 1903-1989.
9 (RLIN) 24133
245 14 - TITLE STATEMENT
Title The fathers of the church /
Statement of responsibility, etc Hans von Campenhausen.
260 ## - PUBLICATION, DISTRIBUTION, ETC. (IMPRINT)
Place of publication, distribution, etc Massachusetts. :
Name of publisher, distributor, etc Hendrickson Publishers,
Date of publication, distribution, etc 2000.
263 ## - PROJECTED PUBLICATION DATE
Projected publication date 9811
300 ## - PHYSICAL DESCRIPTION
Extent 328 p. ;
500 ## - GENERAL NOTE
General note "Combined ed. of: The fathers of the Greek Church and The fathers of the Latin Church."
504 ## - BIBLIOGRAPHY, ETC. NOTE
Bibliography, etc Includes bibliographical references and index.
505 00 - FORMATTED CONTENTS NOTE
Title Introduction. Patristics and the Fathers of the Church --
Miscellaneous information I.
Title Justin --
Miscellaneous information II.
Title Irenaeus --
Miscellaneous information III.
Title Clement of Alexandria --
Miscellaneous information IV.
Title Origen --
Miscellaneous information V.
Title Eusebius of Caesarea --
Miscellaneous information VI.
Title Athanasius --
Miscellaneous information VII.
Title Basil the Great --
Miscellaneous information VIII.
Title Gregory of Nazianzus --
Miscellaneous information IX.
Title Gregory of Nyssa --
Miscellaneous information X.
Title Synesius of Cyrene --
Miscellaneous information XI.
Title John Chrysostom --
Miscellaneous information XII.
Title Cyril of Alexandria --
-- Conclusion. The End of the Age of the Greek Fathers.
520 1# - SUMMARY, ETC.
Summary, etc "Hans von Campenhausen's two volumes, The Fathers of the Greek Church and The Fathers of the Latin Church, are combined into one volume in this new edition. "The Fathers of the Church" traditionally describes the orthodox writers of the early church. The church came to regard these figures as the exponents of divine truth in the age when the church was taking shape. Their interpretations of the early creeds of the church were decisively influential for all later theology."--BOOK JACKET.
520 8# - SUMMARY, ETC.
Summary, etc "This book contains biographical studies of twelve of the most important of the Greek Fathers and seven of the most important of the Latin Fathers. Professor von Campenhausen-places the Church Fathers in the context of their own times and surroundings and describes their personalities, intellectual aims, and contribution to the church's life or doctrine. This is a wonderful introduction to these influential early Christians for scholar and layperson alike."--BOOK JACKET.
650 #0 - SUBJECT ADDED ENTRY--TOPICAL TERM
Topical term or geographic name as entry element Fathers of the church
9 (RLIN) 3149
900 ## - EQUIVALENCE OR CROSS-REFERENCE-PERSONAL NAME [LOCAL, CANADA]
Numeration TOC
942 ## - ADDED ENTRY ELEMENTS (KOHA)
Source of classification or shelving scheme Library of Congress Classification
Koha item type Monograph ( Printed materials)
Holdings
Withdrawn status Lost status Source of classification or shelving scheme Damaged status Not for loan Collection code Home library Current library Shelving location Date acquired Total Checkouts Full call number Barcode Date last seen Price effective from Koha item type
    Library of Congress Classification     Main Collection ARRUPE LIBRARY ARRUPE LIBRARY Main Collection 27/04/2016   BR67.C273 46500006482 27/04/2016 27/04/2016 Monograph ( Printed materials)

 

Arrupe Library. PO Box MP320 Mt Pleasant, Harare, Zimbabwe
263 242 745411|librarian@aju.ac.zw